Matter-wave bright solitons in bose-einstein condensate /
Saved in:
| Main Author: | |
|---|---|
| Format: | Thesis Book |
| Language: | English |
| Published: |
2015.
|
| Subjects: | |
| Online Access: | http://studentsrepo.um.edu.my/id/eprint/6519 |
| Tags: |
Add Tag
No Tags, Be the first to tag this record!
|
| LEADER | 01232cam a2200325 i 4500 | ||
|---|---|---|---|
| 001 | u1035152 | ||
| 003 | SIRSI | ||
| 005 | 201606141015 | ||
| 008 | 160614s2015 my a m 000 0 eng | ||
| 040 | |a UMM |e rda | ||
| 090 | |a QC3 |b UMP 2015 Ben | ||
| 100 | 1 | |a Benseghir, Abdelaziz, |e author. | |
| 245 | 1 | 0 | |a Matter-wave bright solitons in bose-einstein condensate / |c Abdelaziz Benseghir. |
| 264 | 1 | |c 2015. | |
| 264 | 4 | |c 2015. | |
| 300 | |a xiv, 124 leaves : |b illustrations ; |c 30 cm. | ||
| 336 | |a text |2 rdacontent | ||
| 337 | |a unmediated |2 rdamedia | ||
| 338 | |a volume |2 rdacarrier | ||
| 502 | |b Ph.D. |c Jabatan Fizik, Fakulti Sains, Universiti Malaya, |d 2015. | ||
| 504 | |a Bibliography: leaves 85-90. | ||
| 650 | 0 | |a Solitons |x Research. | |
| 650 | 0 | |a Bose-Einstein condensation. | |
| 650 | 0 | |a Optical fibers. | |
| 710 | 2 | |a Universiti Malaya. |b Jabatan Fizik, |e dagree granting institution. | |
| 856 | 4 | 1 | |u http://studentsrepo.um.edu.my/id/eprint/6519 |
| 900 | |a NSR NSM | ||
| 596 | |a 1 25 | ||
| 999 | |a QC3 UMP 2015 BEN |w LC |c 1 |i A516211139 |d 2/11/2016 |f 2/11/2016 |g 1 |l STACKS |m P01UTAMA |r Y |s Y |t TESIS |u 1/11/2016 |1 STEM | ||
| 999 | |a QC3 UMP 2015 BEN |w LC |c 1 |i A517068972 |d 29/10/2018 |f 29/10/2018 |g 1 |l STACKS |m P25UMARCHI |r Y |s Y |t CD |u 29/10/2018 |1 STEM | ||
